000 00410nam a2200157 a 4500
005 20140310183323.0
008 060309s19uu xx 00 eng d
020 _a0804112754
050 _aPZ 7
_b.L626 1994
100 _aLescroart, John T.
245 _aHard evidence /
_cJohn T. Lescroart.
260 _aNew York :
_bIvy Books,
_c1994.
300 _a500 p. :
_c17 cm.
942 _cBK
_2lcc
999 _c21458
_d21458